000 00829cam a2200229 a 4500
001 000006956
005 20200929154030.0
008 850214s1983 cu ac 000 0 spa
040 _aDO-SdBNP
_bspa
_dBNPHU
082 _a923.282
_bR696c, 1983
100 1 _aRodríguez Herrera, Mariano,
_d1935-
_919322
245 1 0 _aCon la adarga al brazo /
_cMariano Rodríguez Herrera ; edición Elsa Pérez Guerra.
250 _a2a. ed.
260 _aLa Habana :
_bEditora política,
_c1983.
300 _a182 p. :
_bil. ;
_c20 cm.
490 1 _aLectura para jovenes
600 1 4 _aGUEVARA, ERNESTO,
_d1928-1967
_xVIAJES
_919323
600 1 4 _aGUEVARA, ERNESTO,
_d1928-1967
_xPENSAMIENTO POLÍTICO
_919324
651 4 _aCuba
_xHistoria
_xRevolución
_y1959
_95960
700 1 _aPérez Guerra, Elsa
_eed.
_919266
830 0 _aLectura para jovenes
_919325
999 _c6740
_d6740